000 00668nam a22002297a 4500
999 _c22402
_d22402
003 OSt
005 20220602145055.0
008 170628e201706 pe 000 1 spa
020 _a9786124297212
040 _cBiblioteca Municipal de Cusco
082 _a869.56/C71T
_bC71T
100 1 _aColchado Lucio, Óscar
_eautor
_913556
245 1 3 _aLa tarde de toros /
_cÓscar Colchado Lucio
250 _aPrimera edición.
264 1 _aLima :
_bPakarina Ediciones,
_cjunio de 2017.
300 _a172 páginas ;
_c20 cm.
490 0 _aBiblioteca Illa ;
_vno. 4
490 0 _aSerie Novela
500 _aNovela.
650 _aNovela peruana
_948049
942 _2ddc
_cLIBROS